The Constitutional history of England (Record no. 236739)

MARC details
000 -LEADER
fixed length control field 00360nam a2200145Ia 4500
005 - DATE AND TIME OF LATEST TRANSACTION
control field 20250729165504.0
008 - FIXED-LENGTH DATA ELEMENTS--GENERAL INFORMATION
fixed length control field 250729s1911 xx 000 0 und d
041 ## - LANGUAGE CODE
Language code of text/sound track or separate title eng
082 ## - DEWEY DECIMAL CLASSIFICATION NUMBER
Classification number 900 MAIC
100 ## - MAIN ENTRY--PERSONAL NAME
Personal name Maitland F W
9 (RLIN) 225084
245 ## - TITLE STATEMENT
Title The Constitutional history of England
260 ## - PUBLICATION, DISTRIBUTION, ETC.
Place of publication, distribution, etc. Cambridge
Date of publication, distribution, etc. 1911
300 ## - PHYSICAL DESCRIPTION
Extent 547p
650 ## - SUBJECT ADDED ENTRY--TOPICAL TERM
Topical term or geographic name entry element History
9 (RLIN) 225085
Holdings
Withdrawn status Lost status Damaged status Not for loan Home library Current library Date acquired Source of acquisition Total Checkouts Full call number Barcode Date last seen Price effective from Koha item type
        St Aloysius Library St Aloysius Library 07/29/2025 Management Books   900 MAIC BED02058 07/29/2025 07/29/2025 Book